All Harry Potter D Against the DA Teachers- 1942-1998 - Statistics

General Stats
  • This quiz has been taken 30 times
  • The average score is 7 of 8
Answer Stats
Hint Answer % Correct
1993-1994 Remus Lupin
100%
1996-1997 Severus Snape
100%
1994-1995 Alastor Moody
96%
1995-1996 Dolores Umbridge
96%
1992-1993 Gilderoy Lockhart
96%
1997-1998 Amycus Carrow
83%
1991-1992 Quirinus Quirrel
78%
1895- ? Galatea Merrythought
39%
No matching quizzes found
Score Distribution
Percent of People with Each Score
Percentile by Number Answered
Your Score History
You have not taken this quiz